[Event "Sachsen-Anhalt-ch Seniors 24th"]
[Site "Halberstadt"]
[Date "2016.05.29"]
[Round "1"]
[White "Breitfeld, Joachim"]
[Black "Martinez Ramirez, Luis"]
[Result "1-0"]
[WhiteElo "2002"]
[BlackElo "1545"]
[PlyCount "23"]
[EventDate "2016.05.29"]
[EventType "swiss"]
[EventRounds "7"]
[EventCountry "GER"]
[SourceTitle "EXT 2019"]
[Source "ChessBase"]
[SourceDate "2018.10.10"]
[SourceVersion "1"]
[SourceVersionDate "2018.10.10"]
[SourceQuality "1"]

1. b4 e5 2. Bb2 d6 3. e3 a6 4. Nf3 Nf6 5. c4 b6 6. d4 e4 7. Nfd2 Bg4 8. Qc2 Bf5 9. Nc3 d5 10. Rc1 Bxb4 11. Qa4+ Nc6 12. Qxc6+ 1-0

[Event "MVP-ch Seniors op 14th"]
[Site "Binz"]
[Date "2014.12.02"]
[Round "8"]
[White "Girod, Gudrun"]
[Black "Martinez Ramirez, Luis"]
[Result "1/2-1/2"]
[WhiteElo "1367"]
[BlackElo "1202"]
[PlyCount "61"]
[EventDate "2014.11.25"]
[EventType "swiss"]
[EventRounds "9"]
[EventCountry "GER"]
[SourceTitle "EXT 2016"]
[Source "ChessBase"]
[SourceDate "2015.10.08"]
[SourceVersion "1"]
[SourceVersionDate "2015.10.08"]
[SourceQuality "1"]

1. d4 d5 2. Bf4 Nf6 3. h3 e6 4. Nf3 c5 5. e3 Nc6 6. c3 a6 7. Nbd2 Bd6 8. Bxd6 Qxd6 9. Be2 e5 10. dxe5 Nxe5 11. 0-0 0-0 12. Nxe5 Qxe5 13. Nf3 Qc7 14. Qc2 Ne4 15. Nd2 Bf5 16. Nxe4 Bxe4 17. Bd3 f5 18. Rad1 Rf6 19. Bxe4 fxe4 20. Rxd5 Re8 21. Rfd1 b5 22. a3 c4 23. Rd7 Qe5 24. R1d5 Qb8 25. Qd2 Ref8 26. Rd8 Qb6 27. Rxf8+ Rxf8 28. Rd6 Qb7 29. Rd8 Rxd8 30. Qxd8+ Kf7 31. Qd4 1/2-1/2

[Event "MVP-ch Seniors op 14th"]
[Site "Binz"]
[Date "2014.11.29"]
[Round "5"]
[White "Martinez Ramirez, Luis"]
[Black "Rollwitz, Inge"]
[Result "1-0"]
[WhiteElo "1202"]
[BlackElo "1264"]
[PlyCount "93"]
[EventDate "2014.11.25"]
[EventType "swiss"]
[EventRounds "9"]
[EventCountry "GER"]
[SourceTitle "EXT 2016"]
[Source "ChessBase"]
[SourceDate "2015.10.08"]
[SourceVersion "1"]
[SourceVersionDate "2015.10.08"]
[SourceQuality "1"]

1. e4 d6 2. Bc4 e6 3. Nf3 Nf6 4. Bb3 Nxe4 5. d4 c6 6. Qe2 d5 7. 0-0 Be7 8. Ne5 0-0 9. Qg4 Nf6 10. Qg3 Ne4 11. Qg4 Nd7 12. Nxd7 Bxd7 13. Bh6 Bg5 14. Bxg5 Nxg5 15. f4 Ne4 16. c4 f5 17. Qh3 Qe7 18. c5 Rf6 19. Qe3 Rh6 20. Rf3 Rf8 21. Nd2 Nxd2 22. Qxd2 Qd8 23. Re1 Qf6 24. Qb4 Bc8 25. Ree3 Qd8 26. Qe1 Qc7 27. Re5 Rff6 28. Rg3 Rhg6 29. Rg5 h6 30. Rh5 b6 31. Bc2 bxc5 32. dxc5 Kf7 33. Qf2 Qa5 34. a3 Qb5 35. Bd1 a5 36. Rh3 Qa6 37. Bh5 Qa7 38. Rg3 Qe7 39. b4 axb4 40. axb4 Qa7 41. h3 Qa1+ 42. Kh2 d4 43. Rxg6 Rxg6 44. Qg3 Qa7 45. Qxg6+ Kg8 46. Qe8+ Kh7 47. Bg6# 1-0

[Event "MVP-ch Seniors op 13th"]
[Site "Binz"]
[Date "2013.12.03"]
[Round "7"]
[White "Martinez Ramirez, Luis"]
[Black "Engelhardt, Erhard"]
[Result "0-1"]
[WhiteElo "1121"]
[BlackElo "1707"]
[PlyCount "137"]
[EventDate "2013.11.27"]
[EventType "swiss"]
[EventRounds "9"]
[EventCountry "GER"]
[SourceTitle "EXT 2015"]
[Source "ChessBase"]
[SourceDate "2014.11.20"]
[SourceVersion "1"]
[SourceVersionDate "2014.11.20"]
[SourceQuality "1"]

1. e4 e6 2. Nf3 d5 3. exd5 exd5 4. d4 Bd6 5. Bb5+ c6 6. Ba4 Bg4 7. Bb3 Ne7 8. Bg5 f6 9. Be3 Qc7 10. g3 Nd7 11. Nbd2 0-0-0 12. c3 Rde8 13. h3 Bh5 14. g4 Bf7 15. Qe2 Ng6 16. 0-0-0 Nf4 17. Qf1 Bg6 18. Bxf4 Bxf4 19. h4 Be4 20. Qh3 Bxd2+ 21. Rxd2 Qf4 22. Bd1 Re7 23. Qg3 Qxg3 24. fxg3 Rhe8 25. Rf1 Bxf3 26. Rxf3 Re1 27. Kc2 Nb6 28. b3 Kd7 29. g5 fxg5 30. Rf7+ R1e7 31. Bg4+ Kd8 32. Rxe7 Rxe7 33. hxg5 Nd7 34. Kd3 Nf8 35. Re2 Rxe2 36. Kxe2 Kc7 37. Kf3 Kd6 38. Kf4 b6 39. Kf5 c5 40. dxc5+ bxc5 41. Be2 Ne6 42. Bb5 d4 43. g6 h6 44. Ke4 dxc3 45. Kd3 c2 46. Kd2 Nd4 47. Bd3 Ke5 48. g4 Kf4 49. Bxc2 Nxc2 50. Kxc2 Kxg4 51. Kd3 h5 52. Ke3 h4 53. Kf2 Kg5 54. Kg2 Kxg6 55. Kh3 Kg5 56. a3 Kh5 57. a4 g5 58. a5 g4+ 59. Kg2 Kg5 60. Kf2 Kf4 61. Kg2 Ke3 62. Kf1 Kf3 63. Kg1 g3 64. Kf1 h3 65. Kg1 Ke2 66. a6 g2 67. b4 cxb4 68. Kh2 Kf1 69. Kxh3 0-1

[Event "MVP-ch Seniors op 13th"]
[Site "Binz"]
[Date "2013.11.29"]
[Round "3"]
[White "Stuiber, Wilhelm"]
[Black "Martinez Ramirez, Luis"]
[Result "1-0"]
[WhiteElo "1839"]
[BlackElo "1121"]
[PlyCount "53"]
[EventDate "2013.11.27"]
[EventType "swiss"]
[EventRounds "9"]
[EventCountry "GER"]
[SourceTitle "EXT 2015"]
[Source "ChessBase"]
[SourceDate "2014.11.20"]
[SourceVersion "1"]
[SourceVersionDate "2014.11.20"]
[SourceQuality "1"]

1. e3 Nf6 2. d4 d5 3. f4 e6 4. Nf3 c5 5. c3 a6 6. Bd3 Be7 7. 0-0 0-0 8. Nbd2 Nbd7 9. Ne5 Ne4 10. Nxe4 Nxe5 11. fxe5 dxe4 12. Bxe4 c4 13. Rf3 f5 14. exf6 Rxf6 15. Rxf6 Bxf6 16. Qf3 Rb8 17. Bd2 Qe7 18. Rf1 b5 19. Be1 Bb7 20. Bxb7 Rxb7 21. e4 b4 22. e5 Bg5 23. cxb4 Rd7 24. Bc3 Qd8 25. g3 h6 26. h4 Qf8 27. Qxf8+ 1-0

[Event "MVP-ch Seniors op 13th"]
[Site "Binz"]
[Date "2013.11.27"]
[Round "1"]
[White "Martinez Ramirez, Luis"]
[Black "Vietinghoff, Klaus"]
[Result "1-0"]
[WhiteElo "1121"]
[BlackElo "1736"]
[PlyCount "47"]
[EventDate "2013.11.27"]
[EventType "swiss"]
[EventRounds "9"]
[EventCountry "GER"]
[SourceTitle "EXT 2015"]
[Source "ChessBase"]
[SourceDate "2014.11.20"]
[SourceVersion "1"]
[SourceVersionDate "2014.11.20"]
[SourceQuality "1"]

1. e4 d6 2. Bc4 g6 3. Nf3 Bg7 4. d3 Nc6 5. a3 Nf6 6. c3 0-0 7. Bg5 Bg4 8. Nbd2 Ne5 9. Qc2 Nfd7 10. 0-0-0 c6 11. Ba2 b5 12. h3 Nxf3 13. Nxf3 Bxf3 14. gxf3 a5 15. d4 c5 16. Be3 b4 17. a4 bxc3 18. Qxc3 cxd4 19. Bxd4 Rc8 20. Bc4 Ne5 21. b3 Qd7 22. Bxe5 Bxe5 23. Qxe5 dxe5 24. Rxd7 1-0